000 00887nam a22002897a 4500
001 4585
003 FISKH
005 20240917121357.0
008 240917b cb ||||| |||| 00| 0 eng d
020 _a9780064406864
040 _aFISKH
_beng
_cFISKH
_dFISKH
050 _aPZ7.C8615
082 _2813.54
100 _aCreech, Sharon
_d1945-
245 _aPleasing the ghost /
_cby Sharon Creech
250 _aFirst edition in 1997
260 _aNew York :
_bHarperTrophy,
_c1997.
300 _a89 pages :
_c20cm
505 _aL
520 _aNine-year-old Dennis, whose uncle and father died within a year of one another, is visited by the ghost of his uncle, and together they settle some unfinished business.
521 8 _a520L
_bLexile
521 8 _aL
_bRaz-Plus
650 _2Ghosts
_aFiction
650 _2Mystery
_aFantasy
942 _2ddc
_cBK
_n0
999 _c4585
_d4585